[Event "Najdorf Memorial"]
[Site "Warsaw POL"]
[Date "2023.07.17"]
[Round "7.5"]
[White "Jakubowski, Krzysztof"]
[Black "Jarzebowski, Kacper"]
[Result "1-0"]
[WhiteElo "2486"]
[BlackElo "2134"]

1. d4 Nf6 2. c4 d6 3. Nc3 e5 4. Nf3 exd4 5. Nxd4 g6 6. g3 Bg7 7. Bg2 O-O 8.
O-O Re8 9. e4 Na6 10. h3 Nc5 11. Re1 Nfd7 12. Be3 Ne5 13. b3 Bd7 14. Qc2
Ned3 15. Red1 Nb4 16. Qd2 a5 17. Rab1 Ne6 18. Ndb5 Bc6 19. Kh2 Na6 20. Re1
Nec5 21. Bg5 f6 22. Bf4 g5 23. Be3 Nxe4 24. Nxe4 Rxe4 25. Nd4 Nc5 26. Nxc6
bxc6 27. Bxc5 Rxe1 28. Qxe1 dxc5 29. Bxc6 Rb8 30. Rd1 Qf8 31. Qxa5 Rb6 32.
Qd2 f5 33. Qxg5 Rxc6 34. Rd8 Rf6 35. Rxf8+ Rxf8 36. a4 1-0

[Event "Najdorf Memorial"]
[Site "Warsaw POL"]
[Date "2023.07.17"]
[Round "7.6"]
[White "Kaczmarek, Aleksander"]
[Black "Gagare, Shardul"]
[Result "1/2-1/2"]
[WhiteElo "2313"]
[BlackElo "2480"]

1. e4 e5 2. Nf3 Nc6 3. Bb5 a6 4. Ba4 Nf6 5. O-O Be7 6. Re1 b5 7. Bb3 O-O 8.
a4 b4 9. a5 d6 10. c3 Rb8 11. d3 Be6 12. Ba4 bxc3 13. bxc3 Nxa5 14. c4 Nb7
15. Nc3 Nc5 16. Bc2 Bg4 17. h3 Bxf3 18. Qxf3 c6 19. Be3 Nfd7 20. Ra2 Bg5
21. Rf1 Rb4 22. Qg4 Bxe3 23. fxe3 a5 24. Kh2 Ne6 25. Ba4 Rb6 26. Raf2 Ndc5
27. Bc2 Qg5 28. Qxg5 Nxg5 29. d4 exd4 30. exd4 Nd7 31. d5 h6 32. Ba4 Nc5
33. Bxc6 Rb4 34. Bb5 Ngxe4 35. Nxe4 Nxe4 36. Ra2 Ra8 37. Rfa1 a4 38. Rxa4
Raxa4 39. Rxa4 Rxa4 40. Bxa4 g6 41. Bc2 Nd2 42. Bd3 Kg7 43. Kg3 Kf6 44. Kf4
Nb3 45. h4 Nc5 46. Bc2 Nd7 47. Bd3 g5+ 48. hxg5+ hxg5+ 49. Ke3 Ke5 50. g4
Nf6 51. Bf5 Ng8 52. Bc8 Ne7 53. Bd7 f6 54. Be6 f5 55. gxf5 Nxf5+ 56. Kf2
Kf4 57. Bc8 Nd4 58. Ba6 Nb3 59. Bc8 Nc5 60. Kg2 Ne4 61. Ba6 Ke3 62. Bc8 Kf4
63. Ba6 g4 64. Bc8 Nc5 65. Be6 Nd3 66. Bc8 Nc5 67. Be6 g3 68. Bh3 Nd3 69.
Bc8 Ne1+ 70. Kg1 Nf3+ 71. Kg2 Nh4+ 72. Kg1 Ke5 73. Bd7 Ke4 74. Bc8 Kd4 75.
Ba6 Kc5 76. Bb5 Kb6 77. Bd7 Kc5 78. Bb5 Kd4 79. Ba6 Ke5 80. Bc8 Nf3+ 81.
Kg2 Kf4 82. c5 dxc5 83. d6 Nd4 84. d7 Ne6 85. Ba6 Nd8 86. Bf1 Ke5 87. Kxg3
Kd6 1/2-1/2

[Event "Najdorf Memorial"]
[Site "Warsaw POL"]
[Date "2023.07.17"]
[Round "7.7"]
[White "Jarmula, Lukasz"]
[Black "Yezhel, Valiantsin"]
[Result "1/2-1/2"]
[WhiteElo "2435"]
[BlackElo "2284"]

1. e4 e6 2. d4 d5 3. Nc3 Nf6 4. Bg5 dxe4 5. Nxe4 Be7 6. Bxf6 gxf6 7. Nc3 f5
8. Qd3 a6 9. O-O-O b5 10. Qf3 c6 11. Nh3 Bb7 12. Kb1 Nd7 13. g3 Qc7 14. Bg2
O-O-O 15. Qh5 Rdf8 16. Nf4 Nf6 17. Qe2 Rd8 18. a4 Rhe8 19. Rd3 b4 20. Na2
a5 21. Rdd1 Qb6 22. c3 bxc3 23. Nxc3 Rxd4 24. Rxd4 Qxd4 25. Rd1 Qb6 26. Nd3
Ba6 27. Qc2 Bxd3 28. Rxd3 Rd8 29. Rxd8+ Kxd8 30. Qd3+ Nd5 31. Bxd5 cxd5 32.
Qe2 Bf6 33. Nb5 Qc5 34. Qd2 Qb6 35. f3 Kd7 36. Ka2 h5 37. Qh6 Ke7 38. Qd2
h4 39. gxh4 Bxh4 40. b4 Qc6 41. bxa5 Qc4+ 42. Ka3 Kd7 43. Qc3 Qxc3+ 44.
Nxc3 Kc6 45. Kb3 Kb7 46. Nb5 Be7 47. Nd4 f4 48. Kc3 Bd8 49. Kb4 e5 50. Nf5
Ka6 51. Kc5 e4 52. Nd4 Kxa5 1/2-1/2

[Event "Najdorf Memorial"]
[Site "Warsaw POL"]
[Date "2023.07.17"]
[Round "7.8"]
[White "Taranowicz, Michal"]
[Black "Romanishin, Oleg M"]
[Result "0-1"]
[WhiteElo "2005"]
[BlackElo "2389"]

1. e4 e5 2. Nc3 Bc5 3. f4 d6 4. Nf3 Nc6 5. Bc4 Bg4 6. h3 Bxf3 7. Qxf3 Nd4
8. Qg3 exf4 9. Qxg7 Qf6 10. Qxf6 Nxf6 11. Kd1 Rg8 12. d3 Rxg2 13. Bxf4 Nh5
14. Nd5 Nxf4 15. Nxf4 Rxc2 16. Rf1 Rxb2 17. Nd5 O-O-O 18. Rxf7 c6 19. Ne7+
Kb8 20. a4 d5 21. exd5 cxd5 22. Nxd5 Rg8 23. Ne3 Rg1+ 24. Rf1 Rxf1+ 25.
Nxf1 Rf2 26. Ne3 Rf3 27. Kd2 Bb4+ 0-1

[Event "Najdorf Memorial"]
[Site "Warsaw POL"]
[Date "2023.07.17"]
[Round "7.10"]
[White "Deszczynski, Adam"]
[Black "Markowski, Damian"]
[Result "1-0"]
[WhiteElo "2321"]
[BlackElo "2104"]

1. d4 Nf6 2. c4 g6 3. Nc3 Bg7 4. e4 d6 5. Be2 O-O 6. Be3 c5 7. d5 e6 8. Nf3
exd5 9. exd5 a6 10. O-O Re8 11. Qd2 Bf5 12. Rfe1 Nbd7 13. h3 Qb6 14. Bd3
Bxd3 15. Qxd3 h6 16. Bd2 Nf8 17. b3 Qc7 18. a4 g5 19. Rxe8 Rxe8 20. Re1
Rxe1+ 21. Bxe1 Ng6 22. Bd2 Qd7 23. Ne2 g4 24. hxg4 Qxg4 25. Ng3 Nf4 26.
Bxf4 Qxf4 27. Qf5 Qxf5 28. Nxf5 Ne8 29. Nd2 Kh7 30. Ne4 Be5 31. g3 Kg6 32.
Ne7+ Kh5 33. f4 Bd4+ 34. Kg2 Bg7 35. Kh3 f5 36. Nxf5 Bf8 37. Nh4 1-0

[Event "Najdorf Memorial"]
[Site "Warsaw POL"]
[Date "2023.07.17"]
[Round "7.11"]
[White "Langheinrich, Ferenc"]
[Black "Zubova, Mariya"]
[Result "0-1"]
[WhiteElo "2385"]
[BlackElo "2163"]

1. c4 e5 2. Nc3 Nf6 3. Nf3 Nc6 4. e4 Bc5 5. Be2 O-O 6. d3 h6 7. h3 d6 8. g4
Nh7 9. Na4 Re8 10. Nxc5 dxc5 11. Rg1 f6 12. h4 g5 13. hxg5 hxg5 14. Nh2 Nf8
15. Nf1 Ng6 16. Ne3 Nd4 17. Nf5 Nf4 18. Nxd4 Qxd4 19. Qc2 Bd7 20. Be3 Qd6
21. b4 b6 22. bxc5 bxc5 23. Qc3 Ne6 24. f3 Reb8 25. Kf2 Kg7 26. Rh1 Qa6 27.
a4 Rh8 28. a5 Rab8 29. Kg2 Rxh1 30. Rxh1 Qb7 31. Rc1 Qb4 32. a6 Qxc3 33.
Rxc3 Rb2 34. Kf1 Ra2 35. Rb3 Rxa6 36. Rb7 Ra1+ 37. Kf2 Kf7 38. Bf1 Bc6 39.
Rb8 a5 40. Bd2 a4 0-1

[Event "Najdorf Memorial"]
[Site "Warsaw POL"]
[Date "2023.07.17"]
[Round "7.12"]
[White "Chomczyk, Marek"]
[Black "Mirski, Stanislaw"]
[Result "1/2-1/2"]
[WhiteElo "2277"]
[BlackElo "2139"]

1. c4 e6 2. g3 d5 3. Bg2 c6 4. Nf3 b5 5. b3 bxc4 6. bxc4 Ba6 7. cxd5 cxd5
8. Bb2 Nf6 9. O-O Bd6 10. d3 O-O 11. Qa4 Qd7 12. Nc3 Rc8 13. Rac1 Qxa4 14.
Nxa4 Nbd7 15. Rxc8+ Rxc8 16. Rc1 Nc5 17. Nxc5 Rxc5 18. Rxc5 Bxc5 19. Bd4
Bb6 20. Kf1 Kf8 21. Ke1 Ke7 22. Kd2 Kd6 23. h3 Ne8 24. e3 f6 25. Bxb6 axb6
26. Nd4 Nc7 27. f4 Nb5 28. Nc2 Bc8 29. d4 e5 30. Bf1 Nc7 31. h4 h6 32. Kc3
Bf5 33. Na3 exf4 34. exf4 g5 35. fxg5 fxg5 36. hxg5 hxg5 37. Kb4 Be4 38.
Be2 Bf5 39. Bf3 Bd3 40. Bg2 Bf5 41. Bf1 Be4 42. Be2 Kc6 43. Kc3 Bf5 44. Bf1
1/2-1/2

[Event "Najdorf Memorial"]
[Site "Warsaw POL"]
[Date "2023.07.17"]
[Round "7.13"]
[White "Szewczyk, Mariusz"]
[Black "Mickiewicz, Piotr"]
[Result "0-1"]
[WhiteElo "2128"]
[BlackElo "2245"]

1. e4 c5 2. Nf3 e6 3. c3 Nf6 4. e5 Nd5 5. d4 cxd4 6. cxd4 b6 7. Nc3 Nxc3 8.
bxc3 Qc7 9. Bd2 Bb7 10. Bd3 d6 11. O-O Nd7 12. Qe2 dxe5 13. Nxe5 Nxe5 14.
dxe5 Bc5 15. Bg5 h6 16. Bf4 g5 17. Bg3 h5 18. h4 O-O-O 19. Be4 Rdg8 20. Qf3
gxh4 21. Bxb7+ Qxb7 22. Qxb7+ Kxb7 23. Bxh4 Rg4 24. g3 Rhg8 25. Kh2 Rc4 26.
Rad1 Rc8 27. Rd3 Ba3 28. Bd8 Rxc3 29. Rd7+ Ka6 30. Rfd1 Rf3 31. Kg2 Rcc3
32. Bf6 Rf5 33. R1d3 Rxd3 34. Rxd3 Bb2 35. f4 Ka5 36. Kf3 Ka4 37. Rd7 a5
38. Rxf7 Bxe5 39. Rb7 Rxf6 40. Rxb6 h4 41. Ke4 Bc7 42. Rc6 hxg3 43. Rxc7
Rg6 44. Rc1 g2 45. Rg1 Ka3 46. f5 exf5+ 47. Kxf5 Rg8 0-1

[Event "Najdorf Memorial"]
[Site "Warsaw POL"]
[Date "2023.07.17"]
[Round "7.14"]
[White "Janeczko, Jakub"]
[Black "Karpus, Michal"]
[Result "1/2-1/2"]
[WhiteElo "2085"]
[BlackElo "2212"]

1. e4 e5 2. Nf3 Nc6 3. Bc4 Bc5 4. c3 Nf6 5. d4 exd4 6. b4 Bb6 7. e5 d5 8.
exf6 dxc4 9. Qe2+ Be6 10. b5 Na5 11. fxg7 Rg8 12. O-O Rxg7 13. Qe5 Rg8 14.
Bg5 Qd6 15. Qf6 c6 16. Nbd2 Bd8 17. Ne4 Bxf6 18. Nxd6+ Ke7 19. Bxf6+ Kxf6
20. Ne4+ Ke7 21. Nxd4 cxb5 22. Nxb5 Nc6 1/2-1/2

[Event "Najdorf Memorial"]
[Site "Warsaw POL"]
[Date "2023.07.17"]
[Round "7.15"]
[White "Dmochowska, Agnieszka"]
[Black "Mulawa, Cyprian"]
[Result "1/2-1/2"]
[WhiteElo "1977"]
[BlackElo "2202"]

1. e4 c6 2. d4 d5 3. Nc3 dxe4 4. Nxe4 Nf6 5. Nxf6+ exf6 6. Be3 Bd6 7. Bd3
O-O 8. Ne2 Nd7 9. c3 Re8 10. Qc2 h6 11. O-O Qc7 12. Ng3 Nf8 13. b4 a5 14.
a3 Be6 15. Qd2 Ng6 16. c4 axb4 17. axb4 Qe7 18. Qc2 Bxb4 19. Bxg6 fxg6 20.
Qxg6 Qf7 21. Qxf7+ Kxf7 22. c5 Bc4 23. Rfd1 g6 24. h4 f5 25. Rab1 Ra4 26.
Bxh6 Re7 27. Bf4 Ba2 28. Rb2 Bc3 29. Re2 Rd7 30. Be5 Bc4 31. Re3 Ra1 32.
Rxa1 Bxa1 33. Ne2 Rd5 34. Nf4 Rd7 35. Ne2 Rd5 36. Nc3 Rd8 37. g3 Ra8 38.
Bd6 Re8 39. Be5 Ra8 40. Kg2 Ra3 41. Nb1 Bd5+ 42. Kf1 Bc4+ 43. Kg2 Bd5+ 44.
Kf1 Bc4+ 45. Ke1 Ra2 46. Nc3 Bxc3+ 47. Rxc3 Re2+ 48. Kd1 Bb5 49. f3 Ra2 50.
Kc1 1/2-1/2

[Event "Najdorf Memorial"]
[Site "Warsaw POL"]
[Date "2023.07.17"]
[Round "7.16"]
[White "Mueller, Magnus"]
[Black "Rozycki, Bartlomiej"]
[Result "0-1"]
[WhiteElo "2201"]
[BlackElo "2135"]

1. d4 Nf6 2. Bf4 d5 3. e3 e6 4. Nd2 Bd6 5. Bg3 c5 6. c3 Nc6 7. Ngf3 Bxg3 8.
hxg3 Qd6 9. Bb5 Bd7 10. Bxc6 Bxc6 11. Ne5 h6 12. Qf3 Rf8 13. O-O Ke7 14. g4
Nd7 15. Qg3 Nxe5 16. dxe5 Qc7 17. g5 Rh8 18. g6 Bb5 19. Rfe1 Rhd8 20. c4
Bxc4 21. Nxc4 dxc4 22. Rad1 fxg6 23. f4 Kf7 24. e4 Rxd1 25. Rxd1 Rd8 26.
Rf1 Rd3 27. Qg4 h5 28. Qh4 Qd8 29. Qe1 Qd4+ 30. Kh1 b6 31. f5 Qxe5 32. Qh4
Qg3 33. fxg6+ Kxg6 34. Qe7 Qg4 35. Rf8 Kh7 36. Rf2 Qxe4 37. Qg5 Qe1+ 38.
Kh2 Qxf2 0-1

[Event "Najdorf Memorial"]
[Site "Warsaw POL"]
[Date "2023.07.17"]
[Round "7.17"]
[White "Kowalczyk, Rafal"]
[Black "Tsiapko, Andrii"]
[Result "0-1"]
[WhiteElo "2173"]
[BlackElo "1996"]

1. d4 d5 2. c4 e6 3. Nc3 Nf6 4. cxd5 exd5 5. Bg5 Be7 6. e3 c6 7. Bd3 Nbd7
8. Nf3 Nh5 9. h4 h6 10. Bxe7 Qxe7 11. Qc2 Nb6 12. Ne5 Nf6 13. O-O-O Ng4 14.
Nxg4 Bxg4 15. Rde1 O-O-O 16. Kb1 Kb8 17. Rc1 Rhe8 18. Ka1 Rc8 19. Nb1 Qf6
20. b4 Nc4 21. Bxc4 dxc4 22. Qb2 b5 23. Nc3 Bf5 24. a4 a6 25. a5 Bd3 26.
Ka2 Qg6 27. Rcg1 f5 28. h5 Qg4 29. f3 Qg5 30. f4 Qf6 31. Rh3 Re7 32. Nd1
Rce8 33. Ka3 Ka7 34. Qf2 c5 35. dxc5 c3 36. e4 fxe4 37. c6+ Ka8 38. Qb6 c2
39. Nb2 Qc3+ 40. Ka2 c1=N+ 41. Rxc1 Qxc1 42. Re3 Bc2 43. Qxa6+ Ra7 0-1

[Event "Najdorf Memorial"]
[Site "Warsaw POL"]
[Date "2023.07.17"]
[Round "7.18"]
[White "Kazmierowski, Tymon"]
[Black "Ladan, Nicholas"]
[Result "1/2-1/2"]
[WhiteElo "1993"]
[BlackElo "2260"]

1. e4 e5 2. Nf3 Nc6 3. Bb5 a6 4. Ba4 Nge7 5. c3 Ng6 6. O-O Bc5 7. d4 Ba7 8.
Bg5 f6 9. Be3 O-O 10. Nbd2 d6 11. Re1 Kh8 12. h3 Bd7 13. Nf1 Qe8 14. Bc2 a5
15. Ng3 Nd8 16. Qd2 a4 17. Rad1 b5 18. Nf5 Qf7 19. h4 Re8 20. h5 Nf8 21.
dxe5 dxe5 22. Qd5 Qxd5 23. exd5 Bxf5 24. Bxf5 Bxe3 25. Rxe3 Nb7 26. Bd3 Nd6
27. Nd2 Nd7 28. Ne4 Reb8 29. Ree1 Ra6 30. Rc1 Nxe4 31. Bxe4 Nc5 32. c4 b4
33. Bf5 Rf8 34. f4 g6 35. hxg6 hxg6 36. Bb1 Nd7 37. c5 Kg7 38. Re4 exf4 39.
Rxb4 Rb8 40. Rxb8 Nxb8 41. Bd3 Ra5 42. d6 c6 43. Re1 Kh6 44. Re8 Nd7 45.
Rd8 Nxc5 46. d7 Kg5 47. Be4 Rb5 48. Bxc6 Rxb2 49. Ra8 Nxd7 50. Bxd7 Rxa2
51. Rxa4 Rxa4 52. Bxa4 f3 53. gxf3 Kf4 54. Kf2 g5 55. Bd7 f5 56. Be6 g4 57.
fxg4 fxg4 58. Bxg4 1/2-1/2

[Event "Najdorf Memorial"]
[Site "Warsaw POL"]
[Date "2023.07.17"]
[Round "7.19"]
[White "Cherniaiev, Tykhon"]
[Black "Majocha, Piotr"]
[Result "1-0"]
[WhiteElo "2331"]
[BlackElo "1979"]

1. d4 Nf6 2. c4 g6 3. Nc3 d5 4. Nf3 Bg7 5. Bg5 Ne4 6. cxd5 Nxg5 7. Nxg5 e6
8. Nf3 exd5 9. e3 O-O 10. Be2 a5 11. O-O c6 12. a3 Bg4 13. b4 axb4 14. axb4
Rxa1 15. Qxa1 b5 16. Nd2 Bxe2 17. Nxe2 Qe7 18. Qc3 Rc8 19. Nf4 Rc7 20. Ra1
Ra7 21. Nd3 Bf8 22. Nb3 Rxa1+ 23. Qxa1 Qc7 24. h3 f6 25. h4 Kf7 26. h5 Bd6
27. hxg6+ hxg6 28. Qa2 Qe7 29. Nbc5 Bxc5 30. bxc5 Qb7 31. Nb4 f5 32. Qa5
Qc8 33. Qa8 Qc7 34. Nd3 Kf6 35. g3 Kf7 36. Kg2 Kf6 37. Kf1 Kf7 38. Ke2 Kf6
39. Kd2 Kf7 40. Kc3 Kf6 41. Ne5 Kg7 42. Kb4 Kh7 43. Qa5 Qb7 44. Qb6 Qa8 45.
Qc7+ Kh6 46. Nf7+ Kh5 47. g4+ 1-0

[Event "Najdorf Memorial"]
[Site "Warsaw POL"]
[Date "2023.07.17"]
[Round "7.20"]
[White "Padalka, Artem"]
[Black "Korbal, Arkadiusz"]
[Result "1-0"]
[WhiteElo "2158"]
[BlackElo "2080"]

1. e4 c5 2. Nf3 g6 3. c3 Bg7 4. d4 cxd4 5. cxd4 Nf6 6. e5 Nd5 7. Bc4 Nb6 8.
Bb3 O-O 9. Nc3 d6 10. O-O Nc6 11. exd6 Qxd6 12. Nb5 Qd8 13. Bf4 Bg4 14. Re1
Nd5 15. Bg3 Rc8 16. h3 Bf5 17. Rc1 a6 18. Nd6 exd6 19. Bxd5 Nb4 20. Rxc8
Qxc8 21. Bxf7+ Kh8 22. Bxd6 Rxf7 23. Bxb4 h6 24. Ne5 Rc7 25. Bc3 Kh7 26.
Qf3 Qg8 27. g4 Bxe5 28. Rxe5 Bc8 29. d5 Rf7 30. Qe4 Bd7 31. Re7 Qf8 32. d6
Bc6 33. Qe5 Rxe7 34. dxe7 Qg8 35. Kh2 Be8 36. f4 h5 37. Kg3 b5 38. a3 a5
39. Qf6 b4 40. axb4 axb4 41. Be5 Bd7 42. Kh4 Be8 43. Qf8 b3 44. Kg5 1-0

[Event "Najdorf Memorial"]
[Site "Warsaw POL"]
[Date "2023.07.17"]
[Round "7.21"]
[White "Budzisz, Adrian"]
[Black "Praczukowski, Stanislaw"]
[Result "0-1"]
[WhiteElo "2037"]
[BlackElo "2147"]

1. e4 c6 2. d4 d5 3. e5 Bf5 4. Nd2 e6 5. Nb3 a6 6. Be3 Nd7 7. f4 Ne7 8. Ne2
h5 9. h3 Bg6 10. g3 Qc7 11. Rc1 Be4 12. Rg1 Nf5 13. Bf2 c5 14. c3 c4 15.
Nd2 Bd3 16. g4 hxg4 17. hxg4 Nh4 18. f5 Be7 19. Bg3 Bxe2 20. Kxe2 Bg5 21.
Rc2 exf5 22. Nf3 Nxf3 23. Kxf3 f4 24. Qc1 Nf8 25. Bxf4 Bxf4 26. Qxf4 Ne6
27. Qf5 O-O-O 28. Rf2 Kb8 29. Ke3 Qb6 30. g5 Rh4 31. Rg4 g6 32. Qf3 Nxg5
33. Rxg5 Re4+ 34. Qxe4 dxe4 35. Bg2 Rh8 36. Kxe4 Qd8 37. Rf6 Rh4+ 38. Kf3
Rh5 39. Rxh5 gxh5 40. Kf2 Qg8 41. Bd5 h4 42. Rxf7 Qg3+ 43. Kf1 Qg5 44. Ke2
Qh5+ 45. Kf2 h3 46. Rxb7+ Kc8 47. Rb4 h2 48. Rxc4+ Kd8 49. Rb4 h1=Q 50.
Bxh1 Qxh1 51. Ke3 Kd7 52. d5 Qg1+ 53. Kf4 a5 54. e6+ Kd6 55. Re4 Qh2+ 56.
Ke3 Ke7 57. c4 Qg1+ 58. Kd3 Qd1+ 59. Ke3 a4 60. a3 Qg1+ 61. Kd3 Qb6 62. Kc2
Qb3+ 63. Kc1 Qd3 64. d6+ Qxd6 65. Re3 Qf4 66. Kd2 Qd4+ 67. Ke2 Qxb2+ 68.
Kf3 Qd4 69. Ke2 Qxc4+ 70. Kf3 Qc2 71. Re2 Qf5+ 0-1

[Event "Najdorf Memorial"]
[Site "Warsaw POL"]
[Date "2023.07.17"]
[Round "7.22"]
[White "Lasota, Adam"]
[Black "Wiech, Grzegorz"]
[Result "0-1"]
[WhiteElo "1927"]
[BlackElo "2140"]

1. d4 d6 2. Nf3 Nd7 3. Bf4 g6 4. e3 Bg7 5. h3 e5 6. Bh2 Qe7 7. Be2 f5 8.
O-O Ngf6 9. c4 O-O 10. Nc3 Ne4 11. Nd5 Qd8 12. Qc2 c6 13. Nc3 exd4 14. exd4
Ndf6 15. Rfe1 c5 16. Rad1 cxd4 17. Nxd4 Qb6 18. Na4 Qa5 19. Nb5 Bd7 20.
Nac3 Bxb5 21. Nxb5 Rad8 22. Bf4 a6 23. Nd4 Qc5 24. Bf1 Rfe8 25. Be3 Nd5 26.
cxd5 Bxd4 27. Qxc5 Bxc5 28. a3 Kf7 29. b4 Bxe3 30. Rxe3 Rc8 31. f3 Nf6 32.
Red3 Rc2 33. R1d2 Rxd2 34. Rxd2 Rc8 35. a4 Rc1 36. Kf2 f4 37. a5 Rb1 38.
Rd4 Rb2+ 39. Ke1 g5 40. Bd3 Ke7 41. Be4 h6 42. Bf5 Kd8 43. Be6 Rxg2 44. b5
axb5 45. Rb4 Nd7 46. Rxb5 Nc5 47. Bf5 Ra2 48. Bb1 Ra3 49. Kf2 Rb3 50. Rxb3
Nxb3 51. h4 Nxa5 52. hxg5 hxg5 53. Ba2 Ke7 54. Ke2 Kf6 55. Kd3 Ke5 56. Kc3
b5 57. Kb4 Nc4 58. Kxb5 Nd2 59. Kb4 Kd4 0-1

[Event "Najdorf Memorial"]
[Site "Warsaw POL"]
[Date "2023.07.17"]
[Round "7.23"]
[White "Lisowski, Krzysztof"]
[Black "Smetek, Michal"]
[Result "1-0"]
[WhiteElo "2128"]
[BlackElo "1943"]

1. e4 c6 2. d4 d5 3. e5 c5 4. dxc5 e6 5. a3 Bxc5 6. Qg4 Bf8 7. Bd3 Nd7 8.
Nf3 Qc7 9. O-O g6 10. Nc3 a6 11. Re1 Bg7 12. Nxd5 exd5 13. e6 Ne5 14. exf7+
Qxf7 15. Qg3 Be6 16. Nxe5 Qe7 17. Nxg6 hxg6 18. Qxg6+ Kf8 19. Rxe6 Qh4 20.
Bg5 Qxh2+ 21. Kf1 Qh1+ 22. Ke2 Qh5+ 23. Qxh5 Rxh5 24. f4 Bh6 25. Bxh6+ Nxh6
26. Kf3 Ng8 27. Rae1 Rc8 28. R1e5 Rxe5 29. Rxe5 Ne7 30. g4 Kf7 31. g5 Rh8
32. Kg4 Rh1 33. f5 Rg1+ 34. Kf4 Nc6 35. Rxd5 Ke7 36. b4 Ra1 37. b5 axb5 38.
Rxb5 Rxa3 39. Rxb7+ Kd6 40. g6 Ra4+ 41. Kg5 Ne5 42. Rb6+ Kc5 43. Rb1 Kd6
44. Rd1 Ra5 45. Be2+ Ke7 46. Bh5 Ra3 47. Re1 Kd6 48. Rxe5 Kxe5 49. g7 Ra8
50. Bf7 1-0

[Event "Najdorf Memorial"]
[Site "Warsaw POL"]
[Date "2023.07.17"]
[Round "7.24"]
[White "Wojtaszewski, Piotr"]
[Black "Slomczewski, Michal"]
[Result "1/2-1/2"]
[WhiteElo "1994"]
[BlackElo "2101"]

1. c4 e5 2. g3 Nf6 3. Bg2 Nc6 4. e3 Bc5 5. Ne2 d5 6. cxd5 Nxd5 7. a3 a5 8.
O-O O-O 9. d4 exd4 10. exd4 Bb6 11. Nbc3 Be6 12. Na4 Qd6 13. Nxb6 Nxb6 14.
Nf4 Bc4 15. Re1 a4 16. Be3 Rad8 17. d5 Nxd5 18. Nxd5 Bxd5 19. Bf4 Qc5 20.
Qxa4 b5 21. b4 Qc4 22. Bxd5 Rxd5 23. Qa6 Nd4 24. Qb7 Nf3+ 25. Kg2 Nxe1+ 26.
Rxe1 c6 27. Qe7 Rd3 28. Re5 Rd1 29. Rg5 Qe6 30. Re5 Qxe7 31. Rxe7 Rd3 32.
Ra7 h6 33. Be3 g5 34. Bc5 Re8 35. h3 Kg7 36. a4 bxa4 37. Rxa4 h5 38. Ra5
Rb3 39. Bd4+ Kg6 40. Rc5 Re6 41. Rc4 f5 42. Be3 Rd3 43. Kf3 Kf6 44. Ke2 Rd5
45. Kf3 g4+ 46. hxg4 hxg4+ 47. Ke2 Ke7 48. Rc1 Kd7 49. Rh1 Rb5 50. Rh5 f4
51. Rh7+ Re7 52. Rxe7+ Kxe7 53. gxf4 Ke6 54. Bc5 Kf5 55. f3 g3 56. Kf1 Rb7
57. Kg2 Rg7 58. Bd6 Ke6 59. Bc5 Rg8 60. Bd4 Kf5 61. Be5 Ra8 62. Kxg3 Ra2
63. Bd6 Rb2 64. Bc5 Rd2 65. Be3 Rd3 66. Bc5 Rc3 67. Bd6 Rc4 68. Bc5 Rxf4
69. Bd6 Rc4 70. Bc5 Ke5 71. Be7 Kd4 72. Bc5+ Rxc5 73. bxc5 Kxc5 74. Kf2 Kd4
75. Ke2 c5 76. Kd2 c4 77. Kc2 Ke3 78. Kc3 Kxf3 79. Kxc4 1/2-1/2

[Event "Najdorf Memorial"]
[Site "Warsaw POL"]
[Date "2023.07.17"]
[Round "7.25"]
[White "Gorkiewicz, Mateusz"]
[Black "Babiarz, Arkadiusz"]
[Result "1-0"]
[WhiteElo "2122"]
[BlackElo "1976"]

1. e4 c5 2. Nf3 e6 3. d4 cxd4 4. Nxd4 Nc6 5. Nc3 Qc7 6. Nb3 a6 7. Bd3 Nf6
8. O-O b5 9. f4 d6 10. Qf3 b4 11. Ne2 Be7 12. Bd2 a5 13. c3 e5 14. Kh1 exf4
15. Bxf4 Ne5 16. Bxe5 dxe5 17. Rac1 Qb6 18. Qg3 a4 19. Nd2 Ng4 20. cxb4 Be6
21. Nc3 Bg5 22. Nd5 Bxd5 23. Qxg4 Bxd2 24. Qxg7 Bxc1 25. Qxh8+ Ke7 26.
Qxe5+ Qe6 27. Qc7+ Kf8 28. Qc5+ Qe7 29. Qxc1 Bxa2 30. Qh6+ Kg8 31. e5 Qxe5
32. Bxh7+ Kh8 33. Be4+ 1-0

[Event "Najdorf Memorial"]
[Site "Warsaw POL"]
[Date "2023.07.17"]
[Round "7.26"]
[White "Zheng, Harry Z"]
[Black "Dalkowski, Rafal"]
[Result "1-0"]
[WhiteElo "2063"]
[BlackElo "2025"]

1. e4 c5 2. Nf3 g6 3. d4 cxd4 4. Nxd4 Nf6 5. Nc3 d6 6. Be3 Bg7 7. f3 a6 8.
Qd2 h5 9. O-O-O Nbd7 10. h3 b5 11. Kb1 Bb7 12. Bd3 Rc8 13. g4 Ne5 14. g5
Nfd7 15. f4 Nxd3 16. cxd3 b4 17. Nd5 Bxd5 18. exd5 Qa5 19. Rc1 Ra8 20. Qc2
O-O 21. Nc6 Qb5 22. Qc4 b3 23. axb3 Rfe8 24. Bd4 Bxd4 25. Nxd4 Qb6 26. Nc6
Nc5 27. b4 Nb7 28. Rhe1 a5 29. b5 a4 30. Nxe7+ Kh7 31. f5 Nc5 32. fxg6+
fxg6 33. d4 Nb3 34. Qd3 Rg8 35. Nxg8 Rxg8 36. Re7+ Rg7 37. Rxg7+ Kxg7 38.
Rc6 Qd8 39. Qe3 Qf8 40. Rc7+ Kh8 41. Re7 Qf1+ 42. Qe1 Nd2+ 43. Kc2 1-0

[Event "Najdorf Memorial"]
[Site "Warsaw POL"]
[Date "2023.07.17"]
[Round "7.27"]
[White "Biesiadecki, Adam"]
[Black "Niezhentsev, Kyrylo"]
[Result "1-0"]
[WhiteElo "2015"]
[BlackElo "2057"]

1. d4 Nf6 2. c4 e6 3. Nf3 b6 4. g3 Ba6 5. Qc2 c5 6. Bg2 Bb7 7. O-O Be7 8.
Nc3 Nc6 9. dxc5 bxc5 10. Rd1 d5 11. cxd5 exd5 12. Nxd5 Nxd5 13. e4 Ncb4 14.
Qa4+ Bc6 15. Qb3 Qa5 16. Rxd5 Nxd5 17. exd5 c4 18. Qe3 Qxd5 19. Bd2 Qe6 20.
Nd4 Qxe3 21. Bxc6+ Kf8 22. Bxe3 Rb8 23. Nf5 f6 24. Rd1 g6 25. Nxe7 Kxe7 26.
Bc5+ Kf7 27. Rd7+ Ke6 28. Re7+ Kf5 29. Bd7+ Kg5 30. Be3+ Kh5 31. g4+ Kh4
32. g5 f5 33. Bd4 Rhf8 34. Be5 Rb6 35. f3 h5 36. gxh6 1-0

[Event "Najdorf Memorial"]
[Site "Warsaw POL"]
[Date "2023.07.17"]
[Round "7.28"]
[White "Podgorski, Maciej"]
[Black "Markuszewski, Maksymilian"]
[Result "1-0"]
[WhiteElo "1960"]
[BlackElo "2039"]

1. e4 c5 2. Nc3 d6 3. d4 cxd4 4. Qxd4 Nc6 5. Qd2 g6 6. b3 Bh6 7. f4 Nf6 8.
Bb2 O-O 9. O-O-O e5 10. g3 Re8 11. Bg2 exf4 12. gxf4 Bg4 13. Rf1 Rc8 14. h3
Be6 15. Nge2 b5 16. Nxb5 d5 17. e5 Bf5 18. Nd6 Nxe5 19. Nxc8 Qxc8 20. Kb1
Ned7 21. Ng3 Be6 22. Qc3 Qb8 23. f5 Rc8 24. Qe1 gxf5 25. Nxf5 Bf8 26. Bxd5
Bxd5 27. Rhg1+ Kh8 28. Qh4 Qb6 29. Qg5 1-0

[Event "Najdorf Memorial"]
[Site "Warsaw POL"]
[Date "2023.07.17"]
[Round "7.29"]
[White "Flaata, Alexander R."]
[Black "Kovalevsky, Stanislav"]
[Result "1-0"]
[WhiteElo "2068"]
[BlackElo "2226"]

1. e4 c6 2. d4 d5 3. f3 g6 4. Nc3 Bg7 5. e5 f6 6. f4 Nh6 7. Be2 Nd7 8. Nf3
Nf8 9. Be3 Bg4 10. Qd2 Nf5 11. Bf2 Ne6 12. h3 Bxf3 13. Bxf3 Qc7 14. g4
Nfxd4 15. Bxd4 Nxd4 16. Qxd4 fxe5 17. Qc5 exf4 18. O-O-O O-O-O 19. Qxa7 e5
20. g5 Rd6 21. Bg4+ Kd8 22. Ne4 b6 23. Qa3 Rd7 24. Bxd7 Kxd7 25. c4 Ke6 26.
Nc3 Rd8 27. cxd5+ cxd5 28. Kb1 e4 29. Rhe1 Bxc3 30. Rc1 Bxb2 31. Qxb2 Qe7
32. Qxb6+ Kf5 33. Rc7 Rd6 34. Qc5 Qd8 35. Rf7+ Kxg5 36. Rg1+ Kh6 37. Rxf4
g5 38. Rf5 Qb8+ 39. Kc2 Rb6 40. Qf8+ Qxf8 41. Rxf8 Rc6+ 42. Kd2 Ra6 43. Rg8
d4 44. Ra1 Ra3 45. Re8 Rd3+ 46. Ke2 Re3+ 47. Kf2 Kg6 48. a4 Kf5 49. a5 Rc3
50. a6 Rc2+ 51. Ke1 Rh2 52. Rf8+ 1-0

[Event "Najdorf Memorial"]
[Site "Warsaw POL"]
[Date "2023.07.17"]
[Round "7.30"]
[White "Dylong, Antoni"]
[Black "Zalega, Maciej"]
[Result "1/2-1/2"]
[WhiteElo "2039"]
[BlackElo "2182"]

1. e4 c5 2. c3 Nf6 3. e5 Nd5 4. d4 cxd4 5. cxd4 Nc6 6. Nf3 d6 7. Bc4 e6 8.
O-O Be7 9. Qe2 O-O 10. Nc3 Nxc3 11. bxc3 dxe5 12. dxe5 Qc7 13. Bf4 b6 14.
Bd3 Bb7 15. Rfd1 Rfd8 16. Nd4 Nxd4 17. cxd4 Rac8 18. Rac1 Qd7 19. Be3 Ba3
20. Bxh7+ Kxh7 21. Qd3+ Kg8 22. Qxa3 Rxc1 23. Rxc1 Rc8 24. Rxc8+ Qxc8
1/2-1/2

[Event "Najdorf Memorial"]
[Site "Warsaw POL"]
[Date "2023.07.17"]
[Round "7.31"]
[White "Zhuk, Ivan"]
[Black "Orzechowski, Jacek"]
[Result "1/2-1/2"]
[WhiteElo "2017"]
[BlackElo "2105"]

1. e4 e6 2. d4 d5 3. Nc3 Bb4 4. e5 b6 5. a3 Bf8 6. Nf3 Ba6 7. Bd3 Qd7 8.
O-O Bxd3 9. Qxd3 c5 10. b3 Ne7 11. Ne2 cxd4 12. Nexd4 Nbc6 13. Nb5 Ng6 14.
Re1 a6 15. Nc3 Be7 16. Na4 Qc7 17. Be3 b5 18. Nb6 Rb8 19. c4 dxc4 20. bxc4
Rxb6 21. Bxb6 Qxb6 22. cxb5 axb5 23. a4 bxa4 24. Reb1 Nb4 25. Qe4 O-O 26.
Rxa4 Rb8 27. h4 Qb5 28. Ra7 Bc5 29. Ra8 Rxa8 30. Qxa8+ Nf8 31. Qe4 Qa5 32.
Kh2 h6 33. Qc4 Nd7 34. h5 Nb6 35. Qg4 N6d5 36. Qc4 Bxf2 37. Qc8+ Kh7 38.
Qb7 Qa7 39. Rxb4 Nxb4 40. Qxb4 Bc5 41. Qe4+ Kg8 42. Qc6 Bf8 43. Qe4 Qc5 44.
g4 Qb4 45. Qxb4 Bxb4 46. Kg3 Bc3 47. Kf4 Kf8 48. Ke4 Ke7 49. Kf4 Bb2 50.
Ke4 Kd7 51. Nd2 Ba3 52. Nf3 Be7 53. Nd4 Kc7 54. Nf3 Kc6 55. Nd4+ Kc5 56.
Nf3 Kc4 57. Nd4 Bd8 58. Nf3 Kc3 59. Nd4 Kc4 60. Nf3 Kc3 1/2-1/2